Veľký rozvrat ľudská prirodzenosť a opätovné nastolenie spoločenského poriadku

Gespeichert in:
Bibliographische Detailangaben
1. Verfasser: Fukuyama, Francis
Format: Buch
Sprache:Slowakisch
Veröffentlicht: Bratislava AGORA 2005
Schriftenreihe:Spoločnosť nášho času
Schlagworte:
Tags: Tag hinzufügen
Keine Tags, Fügen Sie das erste Tag hinzu!

MARC

LEADER 00000nam a2200000 4500
001 0143399
005 20240314091417.6
020 |a 80-969394-1-6 
041 0 |a slo 
044 |a SK 
245 1 0 |a Veľký rozvrat  |b ľudská prirodzenosť a opätovné nastolenie spoločenského poriadku  |c Francis Fukuyama 
264 1 |a Bratislava  |b AGORA  |c 2005 
300 |a 344 s. 
490 1 |a Spoločnosť nášho času 
830 0 |a Spoločnosť nášho času 
610 2 0 |a spoločnosť 
610 2 0 |a vývoj spoločenský 
610 2 0 |a vývoj politický 
610 2 0 |a vývoj sociálny 
610 2 0 |a kríza hospodárska 
610 2 0 |a kapitál sociálny 
610 2 0 |a štruktúra sociálna 
610 2 0 |a analýza sociálna 
610 2 0 |a úpadok sociálny 
610 2 0 |a rodina 
610 2 0 |a postavenie žien 
610 2 0 |a pôrodnosť 
610 2 0 |a spoločnosť občianska 
610 2 0 |a USA 
610 2 0 |a Ázia 
610 2 0 |a morálka 
610 2 0 |a demokracia 
610 2 0 |a kapitalizmus 
100 1 |a Fukuyama, Francis